| 000 | 00938nam a2200241Ia 4500 | ||
|---|---|---|---|
| 003 | GCL | ||
| 008 | 140319s9999 xx 000 0 ara d | ||
| 040 |
_aGCL / _cGCL |
||
| 082 | 0 | 4 |
_a658.301 _bا ا |
| 100 | 1 | _aادريس عطوة الزنط | |
| 245 | 1 | 0 |
_aاسس تقييم المشروعات ودراسات الجدوى (مناهج استخدام التقنية الحديثة فى التحليل الاقتصادى) ودراسات تقييم جدوى الاستثمار: 2جزء / _cادريس عطوة الزنط |
| 260 |
_a[S.N] : _bالمكتبة الاكاديمية ، _c1992 |
||
| 300 | _a888 ص | ||
| 490 | _a | ||
| 650 | 0 | 4 | _aالتخطيط الاقتصادى |
| 650 | 0 | 4 | _aالاستثمار |
| 650 | 0 | 4 | _aتخطيط انتاج |
| 650 | 0 | 4 | _aدراسة الجدوى |
| 650 | 0 | 4 | _aاتخاذ القرارات |
| 650 | 0 | 4 | _aدراسات الجدوى |
| 650 | 0 | 4 | _aالمشروعات, تقييم |
| 942 |
_2ddc _cBK |
||
| 999 |
_c54823 _d54823 |
||